| 000 | 00395nam a22001577a 4500 | ||
|---|---|---|---|
| 005 | 20250616163638.0 | ||
| 008 | 250616b |||||||| |||| 00| 0 eng d | ||
| 020 | _a9788172451059 | ||
| 041 | _aeng | ||
| 082 | _a428.1 | ||
| 100 | _aSundararajan Clairvoyant | ||
| 245 | _aRapid vocabulary builder | ||
| 260 |
_aOxford _bOxford university press _c1951 |
||
| 300 | _a270 | ||
| 942 | _cENGLISH | ||
| 999 |
_c572541 _d572541 |
||